A Text Book of Genetics and Evolution (Record no. 1112)

MARC details
000 -LEADER
fixed length control field 00316nam a2200109 4500
008 - FIXED-LENGTH DATA ELEMENTS--GENERAL INFORMATION
fixed length control field 160629b xxu||||| |||| 00| 0 eng d
100 ## - MAIN ENTRY--PERSONAL NAME
9 (RLIN) 1352
Personal name Nair, P.K.G., et al
245 ## - TITLE STATEMENT
Title A Text Book of Genetics and Evolution
260 ## - PUBLICATION, DISTRIBUTION, ETC. (IMPRINT)
Place of publication, distribution, etc. D
Name of publisher, distributor, etc. Konark
Date of publication, distribution, etc. 1989
300 ## - PHYSICAL DESCRIPTION
Extent A Text Book of Genetics and Evolution
942 ## - ADDED ENTRY ELEMENTS (KOHA)
Source of classification or shelving scheme Dewey Decimal Classification
Koha item type BOOK
Holdings
Withdrawn status Lost status Source of classification or shelving scheme Damaged status Not for loan Home library Current library Shelving location Date acquired Total Checkouts Full call number Barcode Date last seen Date last checked out Price effective from Koha item type
    Dewey Decimal Classification     Good Samaritan School Library Good Samaritan School Library   06/29/2016 2 574 NAI1820 07/18/2019 07/11/2019 06/29/2016 BOOK

Powered by Koha